| 000 | 00472nam a2200145Ia 4500 | ||
|---|---|---|---|
| 001 | 2809 | ||
| 008 | 241024s9999 xx 000 0 und d | ||
| 082 | _aRD/370.97293/R426a/2/2012 | ||
| 100 | _aRepública Dominicana. Ministerio de Educación. Consejo Nacional de Educación | ||
| 245 | 0 | _aActa Sesión Ordinaria 19 de junio del 2012. Selección de Maestros Meritorios | |
| 260 |
_bSanto Domingo _c2012 |
||
| 590 | _asi | ||
| 901 | _a25/2/2013 12:27:46 p.m. | ||
| 999 |
_c9121 _d9121 |
||